Southville International School and Colleges
Your cart is empty.
  • Cart
  • Lists
    Public lists Eva Luna New books Lux_list list_1
    Your lists Log in to create your own lists
  • Log in to your account
  • Your cookies
  • Search history
Southville International School and Colleges
  • Advanced search
  • Recent comments
  • Most popular
  • Libraries

Log in to your account

Log in with GOOGLE


If you do not have an external account, but do have a local account, you can still log in:

  1. Home
  2. MARC view: The Sagas of Olaf Tryggvason and of Harald The Tyrant (Harald Haardraade)
Normal view MARC view ISBD view

The Sagas of Olaf Tryggvason and of Harald The Tyrant (Harald Haardraade) (Record no. 251348)

[ view plain ]
MARC details
000 -LEADER
fixed length control field 01197cam a22003493a 4500
001 - CONTROL NUMBER
control field 22093
003 - CONTROL NUMBER IDENTIFIER
control field PGUSA
005 - DATE AND TIME OF LATEST TRANSACTION
control field 20140828083454.0
008 - FIXED-LENGTH DATA ELEMENTS--GENERAL INFORMATION
fixed length control field 070717s2007||||xxu|||||s|||||000 | eng d
040 ## - CATALOGING SOURCE
Original cataloging agency PGUSA
Language of cataloging eng
042 ## - AUTHENTICATION CODE
Authentication code dc
050 #4 - LIBRARY OF CONGRESS CALL NUMBER
Classification number PT
100 1# - MAIN ENTRY--PERSONAL NAME
Personal name Snorri Sturluson,
Dates associated with a name -1241
245 14 - TITLE STATEMENT
Title The Sagas of Olaf Tryggvason and of Harald The Tyrant (Harald Haardraade)
Medium [electronic resource] /
Statement of responsibility, etc Snorri Sturluson
260 ## - PUBLICATION, DISTRIBUTION, ETC. (IMPRINT)
Name of publisher, distributor, etc Project Gutenberg,
Date of publication, distribution, etc 2007
506 ## - RESTRICTIONS ON ACCESS NOTE
Terms governing access Public domain in the USA.
516 ## - TYPE OF COMPUTER FILE OR DATA NOTE
Type of computer file or data note Electronic text
653 ## - INDEX TERM--UNCONTROLLED
Uncontrolled term Harald III Harðráði, King of Norway, 1015-1066
653 ## - INDEX TERM--UNCONTROLLED
Uncontrolled term Olav I Trygveson, King of Norway, 968-1000
653 ## - INDEX TERM--UNCONTROLLED
Uncontrolled term Sagas -- Translations into English
700 1# - ADDED ENTRY--PERSONAL NAME
Personal name Egedius, Halfdan,
Dates associated with a name 1878-1899
700 1# - ADDED ENTRY--PERSONAL NAME
Personal name Krogh, Christian,
Dates associated with a name 1852-
700 1# - ADDED ENTRY--PERSONAL NAME
Personal name Storm, Gustav,
Dates associated with a name 1845-1903
700 1# - ADDED ENTRY--PERSONAL NAME
Personal name Munthe, Gerhard,
Dates associated with a name 1849-1929
700 1# - ADDED ENTRY--PERSONAL NAME
Personal name Hearn, Ethel Harriet
700 1# - ADDED ENTRY--PERSONAL NAME
Personal name Peterssen, Hjalmar Eilif Emanuel,
Dates associated with a name 1852-1928
700 1# - ADDED ENTRY--PERSONAL NAME
Personal name Werenskiold, Erik Theodor,
Dates associated with a name 1855-1938
700 1# - ADDED ENTRY--PERSONAL NAME
Personal name Wetlesen, Wilhelm Laurits,
Dates associated with a name 1871-1925
830 #0 - SERIES ADDED ENTRY--UNIFORM TITLE
Uniform title Project Gutenberg
Volume number/sequential designation 22093
856 40 - ELECTRONIC LOCATION AND ACCESS
Uniform Resource Identifier <a href="http://www.gutenberg.org/ebooks/22093">http://www.gutenberg.org/ebooks/22093</a>
942 ## - ADDED ENTRY ELEMENTS (KOHA)
Koha item type eBooks
Holdings
Withdrawn status Lost status Damaged status Home library Current library Date acquired Total Checkouts Date last seen Price effective from Koha item type
      Project Gutenberg Project Gutenberg 08/28/2014   08/28/2014 08/28/2014 eBooks

The Sagas of Olaf Tryggvason and of Harald The Tyrant (Harald Haardraade)

APA

Snorri Sturluson, Egedius H., Krogh C., Storm G., Munthe G., Hearn E. H., Peterssen H. E. E., Werenskiold E. T. & Wetlesen W. L. (2007). The Sagas of Olaf Tryggvason and of Harald The Tyrant (Harald Haardraade). : Project Gutenberg.

Chicago

Snorri Sturluson, Egedius Halfdan, Krogh Christian, Storm Gustav, Munthe Gerhard, Hearn Ethel Harriet, Peterssen Hjalmar Eilif Emanuel, Werenskiold Erik Theodor and Wetlesen Wilhelm Laurits. 2007. The Sagas of Olaf Tryggvason and of Harald The Tyrant (Harald Haardraade). : Project Gutenberg.

Harvard

Snorri Sturluson, Egedius H., Krogh C., Storm G., Munthe G., Hearn E. H., Peterssen H. E. E., Werenskiold E. T. and Wetlesen W. L. (2007). The Sagas of Olaf Tryggvason and of Harald The Tyrant (Harald Haardraade). : Project Gutenberg.

MLA

Snorri Sturluson, Egedius Halfdan, Krogh Christian, Storm Gustav, Munthe Gerhard, Hearn Ethel Harriet, Peterssen Hjalmar Eilif Emanuel, Werenskiold Erik Theodor and Wetlesen Wilhelm Laurits. The Sagas of Olaf Tryggvason and of Harald The Tyrant (Harald Haardraade). : Project Gutenberg. 2007.

  • Place hold
  • Print
  • Cite
  • Add to your cart (remove)
  • Save record
    BIBTEX Dublin Core MARCXML MARC (non-Unicode/MARC-8) MARC (Unicode/UTF-8) MARC (Unicode/UTF-8, Standard) MODS (XML) RIS
  • More searches
    Search for this title in:
    Other Libraries (WorldCat) Other Databases (Google Scholar) Online Stores (Bookfinder.com) Open Library (openlibrary.org)

Exporting to Dublin Core...

SOUTHVILLE LIBRARY

Southville International School and Colleges Library

1281 Tropical Ave. Cor. Luxembourg St., BF Homes International, Las Pinas City

Tel. No. 8256374 / 252358 Loc. 117/146

Powered by Koha